| 000 | 00437pab a2200157 454500 | ||
|---|---|---|---|
| 008 | 180718b2008 xxu||||| |||| 00| 0 eng d | ||
| 100 | _aPercheski, Christine | ||
| 245 | _aOpting out? Cohort differences in professional women's employment rates from 1960 to 2005 | ||
| 260 | _c2008 | ||
| 300 | _ap.497-517. | ||
| 362 | _aJun | ||
| 650 | _aWomens employment | ||
| 773 | _aAmerican Sociological Review | ||
| 908 | _aN | ||
| 909 | _a78852 | ||
| 999 |
_c78852 _d78852 |
||